[Event "Leitersdorf Region-ch"]
[Site "Leitersdorf"]
[Date "2017.01.04"]
[Round "1.2"]
[White "Schnider, Gert"]
[Black "Grebenar, Erich"]
[Result "1-0"]
[WhiteElo "2407"]
[BlackElo "1700"]
[PlyCount "57"]
[EventDate "2017.01.04"]
[EventType "swiss"]
[EventRounds "5"]
[EventCountry "AUT"]
[SourceTitle "EXT 2024"]
[Source "ChessBase"]
[SourceDate "2023.10.10"]
[SourceVersion "1"]
[SourceVersionDate "2023.10.10"]
[SourceQuality "1"]

1. Nf3 d5 2. c4 Nf6 3. cxd5 Nxd5 4. d4 Bg4 5. Ne5 Bh5 6. Qb3 Nb6 7. Qh3 Bg6 8. Nxg6 fxg6 9. e3 Qd6 10. Nc3 N8d7 11. Bd2 a6 12. Be2 e6 13. Ne4 Qd5 14. Bf3 Qf5 15. g4 Qb5 16. Nc3 Qg5 17. Bxb7 Ra7 18. Qg2 Bb4 19. h4 Qa5 20. Qe4 Ke7 21. Bc6 Nf6 22. Qg2 Nc4 23. g5 Ne8 24. Bxe8 Rxe8 25. Qc6 Nxb2 26. Rb1 Nd3+ 27. Ke2 Bxc3 28. Qxc3 Qxc3 29. Bxc3 1-0

[Event "Leitersdorf Region-ch"]
[Site "Leitersdorf"]
[Date "2015.01.06"]
[Round "5"]
[White "Grebenar, Erich"]
[Black "Kien, James"]
[Result "1/2-1/2"]
[WhiteElo "1728"]
[BlackElo "1424"]
[PlyCount "101"]
[EventDate "2015.01.02"]
[EventType "swiss"]
[EventRounds "5"]
[EventCountry "AUT"]
[SourceTitle "CBM 164 Extra"]
[Source "ChessBase"]
[SourceDate "2015.03.02"]
[SourceVersion "1"]
[SourceVersionDate "2015.03.02"]
[SourceQuality "1"]

1. Nf3 d5 2. c4 Nf6 3. g3 Bf5 4. Bg2 e6 5. 0-0 Nbd7 6. d4 c6 7. b3 Bd6 8. Bb2 0-0 9. Nbd2 Re8 10. Re1 e5 11. cxd5 cxd5 12. dxe5 Nxe5 13. Nd4 Bg6 14. Rc1 h5 15. N2f3 Qb6 16. e3 Be4 17. Nxe5 Bxe5 18. f3 Bg6 19. Bh3 Rad8 20. Qd2 Nd7 21. Bc3 Bxd4 22. Bxd4 Qa6 23. Rc7 Ne5 24. Kg2 Nc6 25. Rd7 Nxd4 26. Rxd8 Rxd8 27. exd4 Qd6 28. Qe3 Kf8 29. Kf2 h4 30. Qc3 hxg3+ 31. hxg3 Qc6 32. Qc5+ Qxc5 33. dxc5 d4 34. Ke2 Re8+ 35. Kd2 Rxe1 36. Kxe1 Ke7 37. Kd2 Kd8 38. f4 Be4 39. Bf1 Kc7 40. Bd3 f5 41. g4 Bxd3 42. Kxd3 fxg4 43. Kxd4 Kc6 44. b4 Kb5 45. a3 Ka4 46. f5 a5 47. bxa5 Kxa5 48. Ke4 Kb5 49. Kf4 Kxc5 50. Kxg4 Kd6 51. Kg5 1/2-1/2

[Event "Leitersdorf Region-ch"]
[Site "Leitersdorf"]
[Date "2013.01.04"]
[Round "3"]
[White "Grebenar, Erich"]
[Black "Koenig, Josef"]
[Result "1-0"]
[WhiteElo "1714"]
[BlackElo "1426"]
[PlyCount "117"]
[EventDate "2013.01.02"]
[EventType "swiss"]
[EventRounds "5"]
[EventCountry "AUT"]
[SourceTitle "CBM 152 Extra"]
[Source "ChessBase"]
[SourceDate "2013.02.25"]
[SourceVersion "1"]
[SourceVersionDate "2013.02.25"]
[SourceQuality "1"]

1. Nf3 d5 2. c4 e6 3. g3 c6 4. Bg2 f5 5. 0-0 Nf6 6. Re1 Bd6 7. d4 0-0 8. Nbd2 Bd7 9. Qb3 Qc7 10. c5 Be7 11. Ng5 Bc8 12. Ndf3 h6 13. Nh3 g5 14. Ne5 Kg7 15. f3 Nbd7 16. Nd3 b5 17. Bd2 a5 18. a3 a4 19. Qc3 Rf7 20. Rad1 Nf8 21. Ne5 Ng6 22. Nxf7 Kxf7 23. Qc1 e5 24. dxe5 Nxe5 25. f4 Nc4 26. Bb4 Ne4 27. Bxe4 fxe4 28. Nf2 Be6 29. e3 Rg8 30. Kf1 h5 31. Ke2 Qd7 32. Rf1 gxf4 33. Nxe4 Bg4+ 34. Ke1 Bxd1 35. Rxf4+ Ke8 36. Qxd1 dxe4 37. Qxh5+ Kd8 38. Rxe4 Kc8 39. Qf7 Re8 40. Rd4 Bd6 41. Qxd7+ Kxd7 42. cxd6 Nxe3 43. Kd2 Nf1+ 44. Kd3 Nxh2 45. Rh4 Nf3 46. Rh7+ Ke6 47. Ke3 Ne5 48. Kd4 Nf7 49. g4 Rd8 50. Kc5 Rd7 51. Rxf7 Rxf7 52. Kxc6 Rg7 53. Kxb5 Rxg4 54. Kxa4 Rg5 55. Kb3 Kd7 56. Kc4 Kc6 57. Kd4 Rd5+ 58. Ke4 Rd2 59. Bxd2 1-0

[Event "Leitersdorf Region-ch"]
[Site "Leitersdorf"]
[Date "2012.01.07"]
[Round "5.1"]
[White "Grebenar, Erich"]
[Black "Prem, Dominik"]
[Result "1-0"]
[WhiteElo "1768"]
[BlackElo "1544"]
[PlyCount "55"]
[EventDate "2012.01.03"]
[EventType "swiss"]
[EventRounds "5"]
[EventCountry "AUT"]
[SourceTitle "EXT 2013"]
[Source "ChessBase"]
[SourceDate "2012.11.22"]
[SourceVersion "1"]
[SourceVersionDate "2012.11.22"]
[SourceQuality "1"]

1. Nf3 d5 2. c4 Nf6 3. g3 e6 4. Bg2 Be7 5. 0-0 0-0 6. b3 c6 7. Bb2 Nbd7 8. d4 dxc4 9. bxc4 Re8 10. Qc2 Nf8 11. Nc3 Ng6 12. e4 c5 13. d5 exd5 14. cxd5 Bd6 15. Nd2 a6 16. f4 Ng4 17. Rae1 c4 18. Nd1 b5 19. h3 Bc5+ 20. Kh1 Nf6 21. Nf3 Nh5 22. Kh2 Qc7 23. e5 Qa7 24. Ng5 Qc7 25. d6 Qd7 26. Bxa8 h6 27. e6 fxe6 28. Qxg6 1-0

[Event "Leitersdorf Region-ch"]
[Site "Leitersdorf"]
[Date "2012.01.06"]
[Round "4.1"]
[White "Schloffer, Jasmin Denise"]
[Black "Grebenar, Erich"]
[Result "1-0"]
[WhiteElo "1444"]
[BlackElo "1768"]
[PlyCount "63"]
[EventDate "2012.01.03"]
[EventType "swiss"]
[EventRounds "5"]
[EventCountry "AUT"]
[SourceTitle "EXT 2013"]
[Source "ChessBase"]
[SourceDate "2012.11.22"]
[SourceVersion "1"]
[SourceVersionDate "2012.11.22"]
[SourceQuality "1"]

1. d4 Nf6 2. c4 e6 3. Nc3 Bb4 4. Qc2 c5 5. dxc5 Bxc5 6. Nf3 Nc6 7. Bg5 h6 8. Bh4 b6 9. e3 Bb7 10. Be2 g5 11. Bg3 g4 12. Nd2 Nb4 13. Qb3 Bxg2 14. Rg1 Bc6 15. Bh4 h5 16. Nce4 Be7 17. Bxf6 Bxf6 18. Nxf6+ Qxf6 19. Qxb4 Qh4 20. Nf1 Rh6 21. Qd2 Rf6 22. Rg3 Qg5 23. Bd3 Bf3 24. Qc2 Qa5+ 25. Nd2 Bb7 26. Qc3 Qxc3 27. bxc3 Rc8 28. Rb1 d5 29. cxd5 Rxc3 30. Bb5+ Ke7 31. Ne4 Rc8 32. d6+ 1-0